000 003190000a22001330004500
041 0 _aSPA
082 0 4 _aG 868 E714d
245 1 0 _aDel solar hispánico / Amelia . de del Río, Ángel del Río, Editores
250 _aed. revisada
260 _aNew York, USA : Dryden
300 _a488 Pag
001 11168
942 _cBK
999 _c40534
_d40534